Brother to the ox; (Запис № 476855)
[ простий вигляд ]
| 000 -LEADER | |
|---|---|
| fixed length control field | 01318cam a2200289Mu 4500 |
| 001 - CONTROL NUMBER | |
| control field | brothertooxautob00kitc |
| 003 - CONTROL NUMBER IDENTIFIER | |
| control field | CaSfIA |
| 005 - DATE AND TIME OF LATEST TRANSACTION | |
| control field | 20210117221853.0 |
| 007 - PHYSICAL DESCRIPTION FIXED FIELD--GENERAL INFORMATION | |
| fixed length control field | cr|||| |
| 008 - FIXED-LENGTH DATA ELEMENTS--GENERAL INFORMATION | |
| fixed length control field | 841005r19811940enka 000 0aeng d |
| 040 ## - CATALOGING SOURCE | |
| Original cataloging agency | CU-A |
| Transcribing agency | STF |
| Modifying agency | CaSfIA |
| 020 ## - INTERNATIONAL STANDARD BOOK NUMBER | |
| International Standard Book Number | 0904573540 |
| 020 ## - INTERNATIONAL STANDARD BOOK NUMBER | |
| International Standard Book Number | 9780904573541 |
| 035 ## - SYSTEM CONTROL NUMBER | |
| System control number | (OCoLC)123251834 |
| 043 ## - GEOGRAPHIC AREA CODE | |
| Geographic area code | e-uk--- |
| 100 1# - MAIN ENTRY--PERSONAL NAME | |
| Personal name | Kitchen, Fred. |
| 245 10 - TITLE STATEMENT | |
| Title | Brother to the ox; |
| Medium | [electronic resource] |
| Remainder of title | the autobiography of a farm labourer, |
| Statement of responsibility, etc | by Fred Kitchen; with a prefatory letter by the Duke of Portland and eight photographs. |
| 260 ## - PUBLICATION, DISTRIBUTION, ETC. (IMPRINT) | |
| Place of publication, distribution, etc | Horsham, Sussex, |
| Name of publisher, distributor, etc | Caliban Books, |
| Date of publication, distribution, etc | 1981. |
| 300 ## - PHYSICAL DESCRIPTION | |
| Extent | viii, 243 p. |
| Other physical details | illus. |
| Dimensions | 21 cm. |
| 500 ## - GENERAL NOTE | |
| General note | Reprint of the 1940 ed. |
| 506 ## - RESTRICTIONS ON ACCESS NOTE | |
| Standardized terminology for access restriction | Необхідна авторизація на https://archive.org/ (створення облікового запису безкоштовно) |
| 506 ## - RESTRICTIONS ON ACCESS NOTE | |
| Standardized terminology for access restriction | Необхідна авторизація на https://openlibrary.org/ (створення облікового запису безкоштовно) |
| 600 10 - SUBJECT ADDED ENTRY--PERSONAL NAME | |
| Personal name | Kitchen, Fred. |
| 856 41 - ELECTRONIC LOCATION AND ACCESS | |
| Uniform Resource Identifier | <a href="http://www.archive.org/details/brothertooxautob00kitc">http://www.archive.org/details/brothertooxautob00kitc</a> |
| Public note | Free eBook from the Internet Archive |
| 856 42 - ELECTRONIC LOCATION AND ACCESS | |
| Uniform Resource Identifier | <a href="http://www.openlibrary.org/books/OL21704412M">http://www.openlibrary.org/books/OL21704412M</a> |
| Public note | Additional information and access via Open Library |
| 942 ## - ADDED ENTRY ELEMENTS (KOHA) | |
| Koha item type | ЕКнига |
Немає доступних примірників.